| 000 | 01574nam a22003377a 4500 | ||
|---|---|---|---|
| 001 | 429 | ||
| 003 | FISKH | ||
| 005 | 20230420125723.0 | ||
| 008 | 230420b cb ||||| |||| 00| 0 eng d | ||
| 020 | _a9781597071215 | ||
| 035 | _a(OCoLC)ocm56116865 | ||
| 040 |
_aIF9 _cIF9 _dVP@ _dDLC _dFISKH _beng |
||
| 050 | 0 | 0 | _aMLCM 2006/43320 |
| 082 | _a741.5 | ||
| 100 | 1 | _aFarshtey, Greg. | |
| 245 | 1 | 0 |
_aBionicle : _b#3 city of legends / _cGreg Farshtey. |
| 246 | 3 | _bcity of legends | |
| 260 |
_aNew York : _bPapercutz _c2008 |
||
| 300 |
_a46 leaves of plates : _bcol. ill., maps ; _c21 cm. |
||
| 520 | _aThe Matoran have rediscovered their original homeland, Metru Nui, and are preparing to return there for the first time in 1000 years. The six Turaga who rule the island of Mata Nui reveal that they too were once Toa, and guardians of Metru Nui but were too late to stop Makuta from plunging both the Matoran and the Great Spirit into unending sleep | ||
| 521 | 8 |
_a340
_bLexile |
|
| 521 | 8 |
_aF
_bRaz-Plus |
|
| 650 | 0 |
_aMata Nui (Imaginary place) _vJuvenile fiction. |
|
| 650 | 0 |
_aAction figures (Toys) _vJuvenile fiction. |
|
| 650 | 0 |
_aLEGO toys _vJuvenile fiction. |
|
| 655 | 7 |
_aScience fiction _vJuvenile fiction. _2gsafd |
|
| 856 | 4 | 2 |
_3Publisher description _uhttp://www.loc.gov/catdir/enhancements/fy1203/2005273696-d.html |
| 906 |
_a7 _bcbc _ccopycat _d2 _encip _f20 _gy-gencatlg |
||
| 942 |
_2ddc _cBK _n0 |
||
| 999 |
_c429 _d429 |
||